Loading...

Kumarikumaranmaarute prasnangal/

Bibliografiske detaljer
Hovedforfatter: Mathew Vellore,P.M
Format: Printed Book
Sprog:Malayalam
Udgivet: Kottayam: Current Books, 2010.
Fag:
LEADER 00672 a2200193 4500
008 130530b xxu||||| |||| 00| 0 mal d
020 |a 9788124013441 
082 |a 155.53 
100 |a Mathew Vellore,P.M. 
245 |a Kumarikumaranmaarute prasnangal/  |c P.M.Mathew Vellore. 
260 |a Kottayam:  |b Current Books,  |c 2010. 
300 |a 93p.:  |c 21 cm. 
546 |a In Malayalam. 
650 |a Child Pschology. 
650 |a Behavior Disorders in Children. 
650 |a Child Development. 
942 |c BK 
999 |c 98573  |d 98573 
952 |0 0  |1 0  |4 0  |6 155_530000000000000_MAT_K_M  |7 0  |9 98015  |a UL  |b UL  |c ST1  |d 2013-01-31  |e 2  |g 42.00  |l 2  |o 155.53 MAT/K M  |p 88247  |r 2015-08-01  |s 2015-06-30  |v 60.00  |y BK